LOSC Lille players since 2000 - Statistics

General Stats
  • This quiz has been taken 35 times
  • The average score is 81 of 250
Answer Stats
Ranking Player Positions Nationality Matches Goals Assists Periods % Correct
8 Jonathan David FW 178 87 15 2020-2025
96%
16 Eden Hazard MF, FW 147 36 31 2007-2012
93%
90 Burak Yılmaz FW 59 20 8 2020-2022
89%
10 José Fonte DF 166 8 4 2018-2023
89%
41 Lucas Chevalier GK 99 0 0 2022-2025
89%
1 Rio Mavuba MF 299 5 6 2007-2017
89%
168 Rui Fonte MF, FW 18 1 0 2018-2019
89%
17 Vincent Enyeama GK 143 0 0 2013-2017
89%
9 Jonathan Bamba MF, FW 167 27 25 2018-2023
81%
15 Mike Maignan GK 149 0 0 2015-2021
81%
69 Nicolas Pépé MF, FW 74 35 15 2017-2019
81%
7 Benjamin André DF, MF 188 9 7 2019-2025
78%
97 Moussa Sow MF, FW 54 31 5 2010-2012
78%
62 Edon Zhegrova MF, FW 80 15 12 2021-2025
74%
2 Florent Balmont MF 253 7 21 2008-2016
74%
75 Gervinho MF, FW 67 28 13 2009-2011
74%
51 Timothy Weah DF, MF, FW 89 6 6 2019-2023
74%
46 Yusuf Yazıcı MF, FW 96 15 12 2019-2024
74%
13 Aurélien Chedjou DF 154 11 2 2007-2013
70%
25 Jonathan Ikone MF, FW 121 11 20 2018-2022
70%
27 Mickaël Landreau GK 119 0 0 2009-2013
70%
6 Yohan Cabaye MF 191 31 23 2004-2011
70%
35 Angel Gomes MF, FW 105 4 16 2021-2025
67%
141 Victor Osimhen FW 27 13 4 2019-2020
67%
22 Adil Rami DF 129 7 2 2006-2011
63%
104 André Gomes MF 46 3 2 2022-2023, 2024-2025
63%
4 Mathieu Debuchy DF 233 16 9 2003-2013
63%
56 Rémy Cabella MF, FW 85 10 14 2022-2025
63%
28 Zeki Çelik DF 118 6 12 2018-2022
63%
76 Renato Sanches MF, FW 67 6 9 2019-2022
59%
85 Sven Botman DF 62 3 1 2020-2022
59%
79 Thiago Mendes DF, MF 66 3 9 2017-2019
59%
126 Ayyoub Bouaddi MF 33 0 1 2023-2025
56%
71 Dimitri Payet MF, FW 71 18 19 2011-2013
56%
37 Gabriel Gudmundsson DF, MF, FW 103 4 0 2021-2025
56%
14 Ludovic Obraniak MF 152 19 21 2006-2012
56%
12 Marko Baša DF 156 11 4 2011-2017
56%
81 Simon Kjær DF 65 1 1 2013-2015
56%
123 Tiago Santos DF 36 1 2 2023-2025
56%
55 Bafodé Diakité DF 85 12 3 2022-2025
52%
20 Idrissa Gana Gueye MF 134 5 4 2010-2015
52%
106 Leny Yoro DF 46 2 0 2021-2024
52%
122 Nabil Bentaleb MF 36 1 3 2023-2025
52%
149 Rafael Leão MF, FW 24 8 3 2018-2019
52%
78 Reinildo Mandava DF, MF 66 1 0 2018-2022
52%
98 Ryan Mendes MF, FW 54 7 5 2012-2017
52%
77 Salomon Kalou MF, FW 67 30 9 2012-2015
52%
137 Thomas Meunier DF, MF 30 2 0 2024-2025
52%
88 Benoît Pedretti MF 60 6 9 2011-2013
48%
91 Domagoj Bradarić DF 59 1 3 2019-2022
48%
100 Hákon Arnar Haraldsson MF, FW 51 7 3 2023-2025
48%
205 Hatem Ben Arfa MF, FW 7 0 1 2021-2022
48%
129 Joe Cole MF 32 4 3 2011-2012
48%
101 Lucas Digne DF, MF 49 2 0 2011-2013
48%
72 Marvin Martin MF 70 0 9 2012-2016
48%
112 Sofiane Boufal MF, FW 43 14 10 2014-2016
48%
128 Amadou Onana MF 32 1 0 2021-2022
44%
159 Carlos Baleba MF 21 0 0 2022-2024
44%
3 Franck Béria DF 250 4 7 2007-2017
44%
244 Jean Onana DF, MF 1 0 0 2019-2020
44%
189 Jonas Martin DF, MF 12 0 0 2022-2023
44%
182 Pierre-Emerick Aubameyang MF, FW 14 2 0 2009-2010
44%
165 Steeve Elana GK 20 0 0 2012-2013
44%
36 Adama Soumaoro DF 103 2 1 2013-2021
41%
144 Aïssa Mandi DF 24 0 0 2024-2025
41%
235 Alexis Araujo MF 1 0 0 2015-2016
41%
70 Divock Origi MF, FW 73 14 3 2012-2015
41%
196 Ethan Mbappé DF, MF, FW 10 0 0 2024-2025
41%
74 Ismaily DF 69 3 3 2022-2025
41%
160 Ivo Grbić GK 21 0 0 2021-2022
41%
107 Loïc Rémy FW 46 14 2 2018-2020
41%
34 Luiz Araújo MF, FW 108 14 8 2017-2021
41%
148 Mitchel Bakker DF, MF, FW 24 3 2 2024-2025
41%
156 Ngal'Ayel Mukau MF 22 0 1 2024-2025
41%
47 Pierre-Alain Frau MF, FW 95 21 5 2007-2011
41%
162 Adama Traoré MF, FW 20 2 0 2014-2015
37%
119 Adam Ounas MF, FW 38 2 1 2022-2024
37%
11 Jean Makoun MF 165 9 15 2002-2008
37%
146 Jérémy Pied DF, FW 24 0 2 2018-2022
37%
153 Léo Jardim GK 23 0 0 2021-2023
37%
155 Matias Fernandez-Pardo MF, FW 22 4 2 2024-2025
37%
118 Mohamed Lamine Bayo MF, FW 39 6 2 2022-2023, 2024-2025
37%
131 Morgan Amalfitano MF 32 2 0 2015-2017
37%
134 Osame Sahraoui MF, FW 30 3 3 2024-2025
37%
38 Sébastien Corchia DF, MF 102 4 4 2014-2017
37%
40 Túlio de Melo FW 101 18 5 2008-2014
37%
30 Xeka MF 114 7 4 2016-2022
37%
103 Yves Bissouma DF, MF 47 3 1 2016-2018
37%
158 Benjamin Pavard DF 21 0 0 2014-2016
33%
52 Benoît Cheyrou MF 88 3 6 2000-2004
33%
99 Bruno Cheyrou MF 53 16 6 2000-2002
33%
138 Ezequiel Ponce MF, FW 28 2 1 2017-2018
33%
5 Grégory Tafforeau DF 227 1 5 2001-2009
33%
215 Hervé Koffi GK 4 0 0 2017-2018
33%
66 Kevin Mirallas MF, FW 76 10 3 2004-2008
33%
140 Larsen Touré MF, FW 28 1 0 2005-2006, 2007-2010
33%
44 Michel Bastos DF, MF 97 25 11 2006-2009
33%
32 Nolan Roux MF, FW 112 31 9 2011-2015
33%
247 Ousmane Toure DF 1 0 0 2024-2025
33%
50 Stephan Lichtsteiner DF, MF 89 5 5 2005-2008
33%
59 Yassine Benzia MF, FW 83 9 9 2015-2019
33%
83 Abdul Kader Keïta MF, FW 63 15 7 2005-2007
30%
200 Akim Zedadka DF, MF 8 1 0 2022-2023
30%
61 Alexsandro Ribeiro DF 80 4 1 2022-2025
30%
115 Anwar El Ghazi MF, FW 39 5 4 2016-2018
30%
57 Boubakary Soumaré MF 84 1 2 2017-2021
30%
110 Éder FW 44 12 9 2015-2017
30%
116 Gabriel Magalhães DF 39 2 0 2016-2017, 2018-2020
30%
105 Júnior Alonso DF, MF 46 2 2 2016-2018
30%
125 Nicolas de Préville MF, FW 34 16 5 2016-2018
30%
216 Nicolás Gaitán MF, FW 4 0 0 2019-2020
30%
245 Nolan Mbemba DF, MF 1 0 0 2015-2016
30%
186 Patrick Kluivert FW 13 4 0 2007-2008
30%
109 Renato Civelli DF 45 1 0 2015-2017
30%
64 Ronny Rodelin MF, FW 78 5 7 2011-2016
30%
209 Samuel Umtiti DF 6 0 0 2023-2024
30%
87 Thiago Maia DF, MF 61 0 1 2017-2020
30%
232 Vito Mannone GK 2 0 0 2023-2024
30%
143 Youssouf Koné DF 25 0 1 2013-2014, 2015-2016, 2018-2019
30%
67 David Rozehnal DF 75 2 2 2010-2015
26%
108 Fodé Ballo-Touré DF, MF 45 0 1 2017-2019
26%
23 Grégory Wimbée GK 129 0 0 2000-2004
26%
54 Ibrahim Amadou DF, MF 87 2 0 2015-2018
26%
230 Ignacio Miramon MF 2 0 0 2023-2024
26%
139 Isaac Lihadji MF, FW 28 1 4 2020-2022
26%
171 Lebo Mothiba MF, FW 17 6 0 2017-2019
26%
193 Martin Terrier MF, FW 11 1 0 2016-2017
26%
19 Mathieu Bodmer DF, MF 135 18 14 2003-2007
26%
177 Michael Frey FW 15 2 0 2014-2015
26%
68 Peter Odemwingie FW 75 23 8 2004-2007
26%
89 Rony Lopes MF, FW 60 9 8 2014-2017
26%
136 Soualiho Meïté DF, MF 30 0 0 2013-2016
26%
53 Sylvain N'Diaye DF, MF 88 3 0 2000-2003
26%
65 Tiago Djaló DF 78 3 1 2019-2023
26%
21 Tony Sylva GK 133 0 0 2004-2008
26%
219 Abdoulay Diaby DF, MF, FW 3 0 0 2014-2015
22%
169 Alan Virginius FW 17 1 0 2022-2024
22%
195 Baptiste Guillaume MF, FW 10 0 0 2015-2016
22%
180 Farès Bahlouli MF, FW 14 1 0 2016-2018
22%
184 Ireneusz Jeleń MF, FW 13 1 0 2011-2012
22%
170 Ivan Cavaleiro MF, FW 17 1 1 2023-2024
22%
117 Jonathan Delaplace DF, MF 39 3 1 2013-2015
22%
154 Julian Palmieri DF, MF 22 1 2 2016-2017
22%
152 Kévin Malcuit DF, FW 23 0 6 2017-2018
22%
18 Stéphane Dumont MF 138 9 4 2003-2011
22%
175 Stoppila Sunzu DF, MF 16 1 0 2015-2017
22%
226 Andrej Ilic FW 2 0 0 2023-2024
19%
220 Barel Mouko GK 3 0 0 2012-2013
19%
179 Chuba Akpom MF, FW 14 3 1 2024-2025
19%
95 Dagui Bakari FW 56 14 3 2000-2002
19%
187 Dante DF 12 0 0 2003-2006
19%
86 Djézon Boutoille FW 61 3 6 2000-2004
19%
45 Djibril Sidibé DF, MF 96 7 6 2012-2016
19%
113 Edgar Ié DF 42 1 0 2017-2019
19%
58 Emerson DF 84 0 2 2006-2011
19%
84 Éric Abidal DF 62 0 1 2002-2004
19%
63 Fernando D'Amico MF 79 1 2 2000-2003
19%
183 Hamza Mendyl DF, MF 13 0 0 2016-2018
19%
206 Imad Faraj DF, MF 7 0 1 2017-2018
19%
151 Junior Tallo FW 23 0 3 2015-2016
19%
181 Ludovic Butelle GK 14 0 0 2008-2010
19%
24 Matthieu Chalmé DF 127 3 5 2002-2007
19%
43 Matt Moussilou FW 97 25 2 2001-2006
19%
124 Mounir Obbadi MF 35 1 4 2015-2017
19%
173 Naïm Sliti MF, FW 16 1 2 2016-2017
19%
33 Nicolas Plestan DF 109 3 2 2003-2010
19%
96 Pape Souaré DF 56 3 0 2010-2011, 2013-2015
19%
94 Pascal Cygan DF 58 3 1 2000-2002
19%
120 Róbert Vittek FW 38 7 4 2008-2010
19%
203 Serhou Guirassy FW 8 0 0 2015-2016
19%
48 Stathis Tavlaridis DF 93 2 1 2003-2007
19%
31 Stéphane Pichot DF 113 0 2 2000-2004
19%
222 Tiago Fonseca Morais FW 3 0 0 2023-2024
19%
217 Trévis Dago MF, FW 4 0 1 2023-2024
19%
225 Aaron Malouda FW 2 0 0 2023-2025
15%
92 Abdelilah Fahmi DF 58 2 1 2000-2003
15%
234 Abou Ouattara FW 1 0 0 2019-2020
15%
191 Adékambi Olufadé FW 11 1 0 2001-2002
15%
239 Arton Zekaj FW 1 0 0 2018-2019
15%
163 Benoît Angbwa DF 20 0 1 2004-2005
15%
210 Cheikh Tidiane Niasse MF, FW 5 0 0 2019-2020, 2021-2022
15%
26 Christophe Landrin MF 120 10 13 2000-2005
15%
145 Daniel Gygax MF, FW 24 4 0 2005-2007
15%
133 Edvin Murati MF, FW 30 1 4 2000-2002
15%
212 Emil Lyng MF, FW 5 0 0 2008-2009, 2010-2011
15%
114 Éric Bauthéac MF, FW 41 2 1 2015-2017
15%
82 Geoffrey Dernis MF, FW 64 5 10 2000-2001, 2003-2006
15%
150 Gianni Bruno MF, FW 23 1 0 2011-2013
15%
73 Grégory Malicki GK 69 0 0 2001-2009
15%
243 Ichem Ferrah FW 1 0 0 2023-2024
15%
199 Jean-Louis Valois MF 9 1 0 2000-2001
15%
201 John Jairo Ruiz MF, FW 8 0 0 2013-2014
15%
93 Johnny Ecker DF 58 2 2 2000-2002
15%
142 Laurent Peyrelade FW 25 7 2 2000-2001
15%
127 Marius Baciu DF 33 1 0 2002-2004
15%
197 Mathieu Robail MF, FW 10 0 0 2006-2007
15%
60 Matthieu Delpierre DF 81 3 5 2000-2004
15%
207 Mauro Cetto DF 7 0 0 2011-2012
15%
102 Milenko Ačimovič MF 47 12 3 2003-2006
15%
49 Mile Sterjovski MF, FW 90 15 8 2000-2004
15%
111 Milivoje Vitakić DF, MF 44 0 0 2004-2007
15%
39 Nicolas Fauvergue FW 101 11 4 2003-2009
15%
246 Omar Wade FW 1 0 0 2010-2011
15%
164 Patrick Collot MF, FW 20 3 1 2000-2002
15%
135 Peter Franquart DF 30 1 0 2005-2009
15%
29 Philippe Brunel MF 117 16 21 2001-2005
15%
42 Rafael Schmitz DF 99 2 1 2001-2007
15%
198 Ricardo Costa DF 10 1 0 2009-2010
15%
194 Ricardo Kishna MF, FW 11 0 0 2016-2017
15%
157 Salaheddine Bassir FW 22 0 3 2001-2002
15%
248 Samuel Robail MF 1 0 0 2007-2008
15%
174 Sébastien Michalowski DF, MF 16 0 0 2001-2002
15%
132 Souleymane Youla FW 31 2 2 2006-2008
15%
250 Teddy Richert GK 1 0 0 2000-2001
15%
178 Ted Kelton Agasson MF, FW 15 0 1 2000-2001
15%
80 Vladimir Manchev FW 66 20 4 2002-2005
15%
233 Younes Lachaab MF, FW 2 0 0 2024-2025
15%
161 Younousse Sankharé MF 21 2 1 2016-2017
15%
236 Ali Lukunku FW 1 0 0 2003-2004
11%
237 Amine Messoussa FW 1 0 0 2022-2023
11%
238 Arnaud Souquet DF, MF, FW 1 0 0 2009-2010
11%
240 Badis Lebbihi DF 1 0 0 2007-2008
11%
241 Cédric Baseya FW 1 0 0 2008-2009
11%
211 Chris Makiese FW 5 0 0 2006-2008
11%
167 Christophe Pignol DF 18 0 1 2000-2001
11%
204 Didier Santini DF 7 0 0 2000-2001
11%
227 Emra Tahirović FW 2 0 0 2007-2008
11%
221 Éric Allibert GK 3 0 0 2000-2002
11%
242 Flavien Le Postollec MF 1 0 0 2005-2006
11%
228 Grégory Campi MF 2 0 0 2002-2003
11%
121 Héctor Tapia FW 37 5 1 2002-2004
11%
188 Hicham Aboucherouane MF, FW 12 2 0 2005-2006
11%
185 Jerry Vandam DF 13 0 0 2007-2011
11%
166 Johan Audel MF, FW 19 3 0 2004-2005, 2006-2007
11%
202 Kévin Koubemba FW 8 0 0 2014-2015
11%
147 Kouadio-Yves Dabila DF 24 0 0 2017-2019
11%
172 Laurent Bonnart DF 16 0 1 2011-2013
11%
192 Lenny Nangis MF, FW 11 0 2 2015-2016
11%
231 Luis Yanes FW 2 0 0 2007-2008
11%
176 Marc-Antoine Fortuné FW 15 0 1 2002-2003
11%
213 Marko Marić MF 5 1 0 2007-2009
11%
130 Mikkel Beck FW 32 5 3 2000-2002
11%
190 Nicolas Bonnal MF 12 0 1 2002-2003
11%
214 Riad Hammadou MF 5 0 0 2000-2002
11%
208 Rominigue Kouamé MF 6 0 1 2017-2018
11%
249 Simon Ramet DF 1 0 0 2022-2023
11%
223 Viktor Klonaridis MF, FW 3 0 0 2012-2013
11%
224 Yaw Yeboah DF, MF, FW 3 0 0 2015-2016
11%
218 Youssef Sofiane FW 4 0 0 2003-2004, 2008-2009
11%
229 Henri Ewane-Elong MF 2 0 0 2006-2008
7%
No matching quizzes found
Score Distribution
Percent of People with Each Score
Percentile by Number Answered
Your Score History
You have not taken this quiz